[Event "AUT-ch U18 Girls"]
[Site "Marz"]
[Date "2013.03.24"]
[Round "1"]
[White "Nagy, Andrea"]
[Black "Hapala, Katharina"]
[Result "1-0"]
[WhiteElo "1570"]
[BlackElo "1448"]
[PlyCount "53"]
[EventDate "2013.03.24"]
[EventType "swiss"]
[EventRounds "7"]
[EventCountry "AUT"]
[SourceTitle "EXT 2015"]
[Source "ChessBase"]
[SourceDate "2014.11.20"]
[SourceVersion "1"]
[SourceVersionDate "2014.11.20"]
[SourceQuality "1"]

1. d4 d5 2. c4 c6 3. Nc3 Nf6 4. Bg5 Nbd7 5. e3 e6 6. Nf3 Qa5 7. cxd5 Nxd5 8. Qb3 Bb4 9. Rc1 N7f6 10. Bxf6 Nxf6 11. a3 Be7 12. Bd3 Bd6 13. 0-0 0-0 14. e4 e5 15. dxe5 Bxe5 16. Nxe5 Qxe5 17. h3 Qg5 18. Kh1 Qh4 19. Kh2 Ng4+ 20. Kg1 Ne5 21. Be2 Rd8 22. Rcd1 Rxd1 23. Rxd1 b5 24. Qb4 Be6 25. Qd6 Qg5 26. f4 Bxh3 27. fxg5 1-0

[Event "Zwettl op"]
[Site "Zwettl"]
[Date "2012.07.26"]
[Round "6"]
[White "Hapala, Katharina"]
[Black "Haslinger, Ewald"]
[Result "0-1"]
[WhiteElo "1469"]
[BlackElo "1716"]
[PlyCount "36"]
[EventDate "2012.07.21"]
[EventType "swiss"]
[EventRounds "9"]
[EventCountry "AUT"]
[SourceTitle "CBM 149 Extra"]
[Source "ChessBase"]
[SourceDate "2012.08.24"]
[SourceVersion "1"]
[SourceVersionDate "2012.08.24"]
[SourceQuality "1"]

1. e4 e5 2. Nf3 Nc6 3. Bc4 Bc5 4. d3 Nf6 5. Nc3 h6 6. 0-0 d6 7. h3 0-0 8. Be3 Bb6 9. Qd2 Be6 10. Bb3 Ba5 11. Ba4 Ne7 12. a3 c6 13. b4 Bc7 14. Nh4 d5 15. exd5 Nexd5 16. Nxd5 Nxd5 17. Bc5 Qxh4 18. Bxf8 Nf4 0-1

[Event "Zwettl op"]
[Site "Zwettl"]
[Date "2012.07.21"]
[Round "1"]
[White "Bauer, Thomas"]
[Black "Hapala, Katharina"]
[Result "1-0"]
[WhiteElo "1671"]
[BlackElo "1469"]
[PlyCount "61"]
[EventDate "2012.07.21"]
[EventType "swiss"]
[EventRounds "9"]
[EventCountry "AUT"]
[SourceTitle "CBM 149 Extra"]
[Source "ChessBase"]
[SourceDate "2012.08.24"]
[SourceVersion "1"]
[SourceVersionDate "2012.08.24"]
[SourceQuality "1"]

1. e4 e5 2. Nf3 Nc6 3. Bb5 a6 4. Bxc6 dxc6 5. 0-0 Bg4 6. h3 Bh5 7. g4 Bg6 8. Nxe5 Bxe4 9. Re1 f5 10. gxf5 Qg5+ 11. Qg4 Qxg4+ 12. Nxg4 0-0-0 13. Rxe4 Bc5 14. b4 Ba7 15. Bb2 Nf6 16. Nxf6 gxf6 17. Bxf6 Rhg8+ 18. Kf1 Rdf8 19. Re6 Rf7 20. Nc3 Rgf8 21. Bh4 Rxf5 22. Ne4 Rf4 23. Bg3 Rf3 24. Ke2 Kd7 25. Rh6 R3f7 26. c4 Re8 27. d3 Bd4 28. Rf1 c5 29. bxc5 Bxc5 30. Kd2 Be3+ 31. Kxe3 1-0